[Event "Rheinland Pfalz op 11th"]
[Site "Weilerbach"]
[Date "2019.06.21"]
[Round "4"]
[White "Mueller, Lutz"]
[Black "Faulhaber, Tobias"]
[Result "0-1"]
[WhiteElo "2008"]
[BlackElo "1804"]
[PlyCount "128"]
[EventDate "2019.06.20"]
[EventType "swiss"]
[EventRounds "7"]
[EventCountry "GER"]
[SourceTitle "CBM 191 Extra"]
[Source "ChessBase"]
[SourceDate "2019.09.30"]
[SourceVersion "1"]
[SourceVersionDate "2019.09.30"]
[SourceQuality "1"]

1. d4 Nf6 2. Nf3 c5 3. e3 d5 4. c4 Bg4 5. h3 Bxf3 6. Qxf3 e6 7. Nc3 Nc6 8. cxd5 Nxd5 9. Bb5 cxd4 10. exd4 Bb4 11. 0-0 0-0 12. Bxc6 bxc6 13. Ne4 Qe7 14. a3 Ba5 15. Qd3 Rfd8 16. Ng5 Nf6 17. Qc2 Bb6 18. Nf3 c5 19. dxc5 Qxc5 20. Qxc5 Bxc5 21. b4 Bb6 22. Bg5 Rd5 23. Bxf6 gxf6 24. a4 a5 25. b5 Rc8 26. Rad1 Rxd1 27. Rxd1 Rc2 28. Rd2 Rc4 29. Ra2 Kf8 30. Kf1 Ke7 31. Nd2 Rb4 32. Ke2 Kd6 33. f3 f5 34. Kd3 Kd5 35. Ra3 e5 36. Rc3 Rxa4 37. Rc6 Bd4 38. Rc8 Ra3+ 39. Kc2 a4 40. b6 Ra2+ 41. Kd3 Bxb6 42. Nc4 e4+ 43. Kc3 Bd4+ 44. Kb4 e3 45. Rd8+ Ke6 46. Nxe3 Bxe3 47. Re8+ Kf6 48. Rxe3 Rxg2 49. Kxa4 Rh2 50. Kb3 Rxh3 51. Kc2 Kg5 52. f4+ Kg4 53. Re7 Kxf4 54. Kd2 Rh2+ 55. Ke1 Kf3 56. Rxf7 f4 57. Rg7 Rh1+ 58. Kd2 Kf2 59. Rf7 f3 60. Rg7 Rh6 61. Kd3 Kf1 62. Ke3 f2 63. Ra7 Rg6 64. Ra2 Kg1 0-1

[Event "Rheinland Pfalz op 10th"]
[Site "Nickenich"]
[Date "2018.06.02"]
[Round "5"]
[White "Decrouppe, Johann"]
[Black "Faulhaber, Tobias"]
[Result "0-1"]
[WhiteElo "1636"]
[BlackElo "1863"]
[PlyCount "62"]
[EventDate "2018.05.31"]
[EventType "swiss"]
[EventRounds "7"]
[EventCountry "GER"]
[SourceTitle "EXT 2019"]
[Source "ChessBase"]
[SourceDate "2018.10.10"]
[SourceVersion "1"]
[SourceVersionDate "2018.10.10"]
[SourceQuality "1"]

1. Nf3 Nf6 2. g3 d5 3. Bg2 c5 4. 0-0 Nc6 5. c3 e5 6. d3 Bd6 7. Na3 0-0 8. Re1 Be6 9. h3 h6 10. Nb5 Bb8 11. a4 a6 12. Na3 e4 13. Nd2 e3 14. Nf1 exf2+ 15. Kxf2 Qd7 16. g4 Bxg4 17. hxg4 Nxg4+ 18. Kg1 Qf5 19. e4 Qf2+ 20. Kh1 Qh4+ 21. Kg1 Nce5 22. exd5 f5 23. Re2 f4 24. Qe1 Qxe1 25. Rxe1 f3 26. Re4 fxg2 27. Kxg2 Rf2+ 28. Kg3 Rxf1 29. d4 Rg1+ 30. Kh3 Nf2+ 31. Kh2 Nf3# 0-1

[Event "Rheinland Pfalz op 10th"]
[Site "Nickenich"]
[Date "2018.06.01"]
[Round "3"]
[White "Marx, Christina"]
[Black "Faulhaber, Tobias"]
[Result "0-1"]
[WhiteElo "1576"]
[BlackElo "1863"]
[PlyCount "76"]
[EventDate "2018.05.31"]
[EventType "swiss"]
[EventRounds "7"]
[EventCountry "GER"]
[SourceTitle "EXT 2019"]
[Source "ChessBase"]
[SourceDate "2018.10.10"]
[SourceVersion "1"]
[SourceVersionDate "2018.10.10"]
[SourceQuality "1"]

1. e4 e6 2. d4 d5 3. e5 c5 4. c3 Qb6 5. Nf3 Nc6 6. Be2 Nh6 7. Na3 Nf5 8. Nc2 Be7 9. 0-0 0-0 10. Rb1 a5 11. Bf4 f6 12. Qd2 fxe5 13. Nxe5 cxd4 14. Nxc6 bxc6 15. Nxd4 Nxd4 16. cxd4 c5 17. Be3 Bb7 18. Kh1 Rac8 19. b3 Qb4 20. Bg4 Rc6 21. Rbd1 Qxd2 22. Rxd2 cxd4 23. Rxd4 Bc5 24. Rf4 e5 25. Rf5 Rxf5 26. Bxf5 d4 27. Bd2 Bb4 28. Bxb4 axb4 29. Re1 Rc5 30. f3 Kf7 31. Bd3 Kf6 32. Bxh7 g6 33. Bg8 Ba6 34. Kg1 Rc2 35. f4 d3 36. fxe5+ Ke7 37. Rd1 d2 38. Bd5 Be2 0-1

[Event "Pfalz-ch HT2 87th"]
[Site "Landau"]
[Date "2018.03.31"]
[Round "7"]
[White "Ledig, Horst"]
[Black "Faulhaber, Tobias"]
[Result "1/2-1/2"]
[WhiteElo "1795"]
[BlackElo "1841"]
[PlyCount "20"]
[EventDate "2018.03.23"]
[EventType "swiss"]
[EventRounds "7"]
[EventCountry "GER"]
[SourceTitle "EXT 2019"]
[Source "ChessBase"]
[SourceDate "2018.10.10"]
[SourceVersion "1"]
[SourceVersionDate "2018.10.10"]
[SourceQuality "1"]

1. d4 Nf6 2. Nf3 c5 3. c3 e6 4. e3 d5 5. Be2 Nc6 6. 0-0 Bd6 7. dxc5 Bxc5 8. b4 Bd6 9. Bb2 0-0 10. a3 b6 1/2-1/2

[Event "Pfalz-ch HT2 87th"]
[Site "Landau"]
[Date "2018.03.30"]
[Round "6"]
[White "Faulhaber, Tobias"]
[Black "Burger, Volker"]
[Result "1/2-1/2"]
[WhiteElo "1841"]
[BlackElo "1703"]
[PlyCount "45"]
[EventDate "2018.03.23"]
[EventType "swiss"]
[EventRounds "7"]
[EventCountry "GER"]
[SourceTitle "EXT 2019"]
[Source "ChessBase"]
[SourceDate "2018.10.10"]
[SourceVersion "1"]
[SourceVersionDate "2018.10.10"]
[SourceQuality "1"]

1. e4 e6 2. d4 d5 3. e5 c5 4. c3 Nc6 5. Nf3 Qb6 6. Bd3 Bd7 7. 0-0 cxd4 8. cxd4 Nxd4 9. Nxd4 Qxd4 10. Nc3 a6 11. Qe2 Ne7 12. Kh1 Nc6 13. f4 Nb4 14. Rd1 Nxd3 15. Rxd3 Qc4 16. b3 Qc7 17. f5 Bc6 18. Bb2 Bb4 19. Qg4 Bxc3 20. Bxc3 0-0-0 21. fxe6 fxe6 22. Qxe6+ Qd7 23. Qxd7+ 1/2-1/2

[Event "Pfalz-ch HT2 87th"]
[Site "Landau"]
[Date "2018.03.25"]
[Round "3"]
[White "Weissmann, Joerg"]
[Black "Faulhaber, Tobias"]
[Result "1/2-1/2"]
[WhiteElo "1941"]
[BlackElo "1841"]
[PlyCount "48"]
[EventDate "2018.03.23"]
[EventType "swiss"]
[EventRounds "7"]
[EventCountry "GER"]
[SourceTitle "EXT 2019"]
[Source "ChessBase"]
[SourceDate "2018.10.10"]
[SourceVersion "1"]
[SourceVersionDate "2018.10.10"]
[SourceQuality "1"]

1. e4 e6 2. d4 d5 3. Nc3 h6 4. Nf3 Nf6 5. Bd3 Bb4 6. exd5 exd5 7. 0-0 0-0 8. Ne2 Bg4 9. Ng3 Nc6 10. c3 Bd6 11. h3 Be6 12. Nf5 Bxf5 13. Bxf5 Ne7 14. Bc2 Ne4 15. Nd2 f5 16. Nxe4 fxe4 17. f3 exf3 18. Rxf3 Qd7 19. Qd3 Rxf3 20. Qxf3 Rf8 21. Qh5 Qe6 22. Bd2 Qf6 23. Qe2 Bg3 24. Be1 Bd6 1/2-1/2

[Event "Rheinland Pfalz op 9th"]
[Site "Lambsheim"]
[Date "2017.06.18"]
[Round "7"]
[White "Ries, Norbert"]
[Black "Faulhaber, Tobias"]
[Result "1/2-1/2"]
[WhiteElo "1979"]
[BlackElo "1850"]
[PlyCount "81"]
[EventDate "2017.06.15"]
[EventType "swiss"]
[EventRounds "7"]
[EventCountry "GER"]
[SourceTitle "CBM 178 Extra"]
[Source "ChessBase"]
[SourceDate "2017.06.22"]
[SourceVersion "1"]
[SourceVersionDate "2017.06.22"]
[SourceQuality "1"]

1. Nf3 Nf6 2. c4 c5 3. Nc3 Nc6 4. g3 g6 5. Bg2 Bg7 6. 0-0 0-0 7. d4 cxd4 8. Nxd4 Nxd4 9. Qxd4 d6 10. Qd3 a6 11. Bd2 Qc7 12. Rac1 Bd7 13. b3 Rfc8 14. Be3 Bc6 15. Nd5 Bxd5 16. cxd5 Qd7 17. Qd2 Rxc1 18. Rxc1 Rc8 19. Qa5 Rxc1+ 20. Bxc1 Qc8 21. Be3 Ne8 22. b4 Qc7 23. Qb6 Qxb6 24. Bxb6 Bc3 25. a3 Bb2 26. a4 Bc3 27. Ba5 b6 28. Bxb6 Bxb4 29. a5 Nf6 30. e4 Nd7 31. Bf1 Nc5 32. f3 Nb7 33. Bxa6 Nxa5 34. Kf2 Nb3 35. Bd8 Bc5+ 36. Kg2 Kf8 37. Bb5 e6 38. dxe6 fxe6 39. Bc4 Nd4 40. Bf6 Kf7 41. Bxd4 1/2-1/2

[Event "GER-ch U25-A"]
[Site "Willingen"]
[Date "2017.06.05"]
[Round "3"]
[White "Bui, Hai Lam"]
[Black "Faulhaber, Tobias"]
[Result "1-0"]
[WhiteElo "1944"]
[BlackElo "1825"]
[PlyCount "89"]
[EventDate "2017.06.04"]
[EventType "swiss"]
[EventRounds "9"]
[EventCountry "GER"]
[SourceTitle "CBM 178 Extra"]
[Source "ChessBase"]
[SourceDate "2017.06.22"]
[SourceVersion "1"]
[SourceVersionDate "2017.06.22"]
[SourceQuality "1"]

1. e4 e6 2. d4 d5 3. Nc3 h6 4. Bd3 Nc6 5. Nf3 Nb4 6. Bb5+ c6 7. Be2 Nf6 8. e5 Ne4 9. a3 Nxc3 10. bxc3 Na6 11. c4 c5 12. c3 Be7 13. h4 Nc7 14. h5 dxc4 15. Bxc4 b5 16. Ba2 Bb7 17. Bb2 b4 18. 0-0 bxc3 19. Bxc3 Nb5 20. Bb2 Bxf3 21. Qxf3 Nxd4 22. Bxd4 cxd4 23. Qc6+ Kf8 24. f4 d3 25. Kh2 Rc8 26. Qe4 Bc5 27. Rf3 d2 28. Rd1 Qh4+ 29. Rh3 Qf2 30. Rf3 Qh4+ 31. Rh3 Qf2 32. Rf3 Qg1+ 33. Rxg1 Bxg1+ 34. Kxg1 d1Q+ 35. Rf1 Qc2 36. Qb7 Qc7 37. Qe4 Ke7 38. f5 Qc2 39. Qh4+ Ke8 40. fxe6 Qxa2 41. Qa4+ Kf8 42. Qd7 Kg8 43. Qxc8+ Kh7 44. Qxh8+ Kxh8 45. exf7 1-0

[Event "Pfalz-ch HT4 86th"]
[Site "Wolfstein"]
[Date "2017.04.09"]
[Round "3"]
[White "Faulhaber, Tobias"]
[Black "Mader, Lena"]
[Result "1-0"]
[WhiteElo "1850"]
[BlackElo "1841"]
[PlyCount "69"]
[EventDate "2017.04.07"]
[EventType "swiss"]
[EventRounds "7"]
[EventCountry "GER"]
[SourceTitle "EXT 2018"]
[Source "ChessBase"]
[SourceDate "2017.10.13"]
[SourceVersion "1"]
[SourceVersionDate "2017.10.13"]
[SourceQuality "1"]

1. e4 c5 2. Nf3 e6 3. d4 cxd4 4. Nxd4 Nc6 5. Be3 Qc7 6. Nc3 a6 7. f3 Nf6 8. Qd2 Be7 9. 0-0-0 Nxd4 10. Bxd4 d6 11. g4 b5 12. h4 b4 13. Ne2 e5 14. Be3 Be6 15. Kb1 a5 16. g5 Nd7 17. f4 Nc5 18. Ng3 Rb8 19. f5 Bd7 20. f6 gxf6 21. gxf6 Bxf6 22. Qxd6 Qxd6 23. Rxd6 Ne6 24. Bc4 Be7 25. Rd5 Rc8 26. Bb5 Bxb5 27. Rxb5 Rg8 28. Nf5 Rg2 29. Rc1 Re2 30. c3 bxc3 31. Rxc3 Rxc3 32. bxc3 Bxh4 33. Rb7 Be1 34. Nd6+ Kf8 35. Bh6+ 1-0

[Event "GER-ch U25 op-A"]
[Site "Willingen"]
[Date "2015.05.29"]
[Round "8"]
[White "Faulhaber, Tobias"]
[Black "Schimnatkowski, Lukas"]
[Result "1-0"]
[WhiteElo "1830"]
[BlackElo "1627"]
[PlyCount "85"]
[EventDate "2015.05.24"]
[EventType "swiss"]
[EventRounds "9"]
[EventCountry "GER"]
[SourceTitle "CBM 166 Extra"]
[Source "ChessBase"]
[SourceDate "2015.06.18"]
[SourceVersion "1"]
[SourceVersionDate "2015.06.18"]
[SourceQuality "1"]

1. e4 e6 2. d4 d5 3. exd5 exd5 4. Bd3 Nf6 5. Ne2 c5 6. dxc5 Bxc5 7. 0-0 h6 8. Nd2 0-0 9. Nb3 Bb6 10. Bf4 Nc6 11. c3 Be6 12. Kh1 Qd7 13. f3 Nh5 14. Bc2 Rfe8 15. Qd3 Bf5 16. Qxf5 Qxf5 17. Bxf5 Rxe2 18. Bd2 Rae8 19. Rae1 Rxe1 20. Rxe1 Rxe1+ 21. Bxe1 g6 22. Bc8 Nd8 23. Bd2 Kh7 24. g3 Ng7 25. Kg2 Nge6 26. Kf1 d4 27. c4 g5 28. Ke2 Kg6 29. Kd3 f5 30. Bb4 Kf6 31. c5 Bc7 32. Bxe6 Nxe6 33. Nxd4 Nxd4 34. Bc3 Ke6 35. Kxd4 h5 36. Kc4 a6 37. Bd2 Bd8 38. b4 Be7 39. a4 Bd8 40. b5 axb5+ 41. axb5 g4 42. fxg4 hxg4 43. Bf4 1-0

[Event "GER-ch U25 op-A"]
[Site "Willingen"]
[Date "2015.05.28"]
[Round "7"]
[White "Brunner, Tobias"]
[Black "Faulhaber, Tobias"]
[Result "1/2-1/2"]
[WhiteElo "1652"]
[BlackElo "1830"]
[PlyCount "45"]
[EventDate "2015.05.24"]
[EventType "swiss"]
[EventRounds "9"]
[EventCountry "GER"]
[SourceTitle "CBM 166 Extra"]
[Source "ChessBase"]
[SourceDate "2015.06.18"]
[SourceVersion "1"]
[SourceVersionDate "2015.06.18"]
[SourceQuality "1"]

1. e4 e6 2. d4 d5 3. exd5 exd5 4. Bd3 Nc6 5. c3 Bd6 6. Qc2 Nge7 7. Bg5 h6 8. Be3 Be6 9. Nd2 Qd7 10. Ne2 0-0-0 11. 0-0-0 g5 12. f3 Rde8 13. Bf2 f5 14. Ng3 Rhf8 15. Rde1 f4 16. Nh5 Nf5 17. Rxe6 Rxe6 18. Bxf5 Rxf5 19. Ng7 Ref6 20. Nxf5 Qxf5 21. Qxf5+ Rxf5 22. h4 Bf8 23. Kc2 1/2-1/2

[Event "GER-ch U25 op-A"]
[Site "Willingen"]
[Date "2015.05.25"]
[Round "3"]
[White "Falke, Isaak"]
[Black "Faulhaber, Tobias"]
[Result "1-0"]
[WhiteElo "2076"]
[BlackElo "1830"]
[PlyCount "75"]
[EventDate "2015.05.24"]
[EventType "swiss"]
[EventRounds "9"]
[EventCountry "GER"]
[SourceTitle "CBM 166 Extra"]
[Source "ChessBase"]
[SourceDate "2015.06.18"]
[SourceVersion "1"]
[SourceVersionDate "2015.06.18"]
[SourceQuality "1"]

1. e4 e6 2. d4 d5 3. Nc3 h6 4. Bd3 Nc6 5. Nf3 Nb4 6. Be2 Nf6 7. e5 Ne4 8. Nd2 Nxc3 9. bxc3 Nc6 10. 0-0 Be7 11. f4 0-0 12. a4 Na5 13. Ba3 Bxa3 14. Rxa3 c5 15. Rf3 Bd7 16. Nb3 Nxb3 17. cxb3 Qe7 18. Ra1 Rac8 19. Qd2 Rc7 20. Bd3 cxd4 21. cxd4 f5 22. exf6 Qxf6 23. Kh1 Be8 24. Raf1 Bh5 25. Rg3 Kh8 26. Bb1 Rcf7 27. Qd3 g5 28. Re3 gxf4 29. Re5 f3 30. g3 Bg4 31. Rf2 Bf5 32. Qd1 Bxb1 33. Qxb1 Rc7 34. Re3 Rfc8 35. Qd3 Rc1+ 36. Rf1 Qxd4 37. Qxd4+ Kg8 38. Rexf3 1-0

[Event "Zweibruecken PSB-ch HT2 82nd"]
[Site "Zweibruecken"]
[Date "2013.03.29"]
[Round "6"]
[White "Faulhaber, Tobias"]
[Black "Spieleder, Alexander"]
[Result "1-0"]
[WhiteElo "1862"]
[BlackElo "1320"]
[PlyCount "49"]
[EventDate "2013.??.??"]
[EventType "swiss"]
[EventRounds "7"]
[EventCountry "GER"]
[SourceTitle "EXT 2014"]
[Source "ChessBase"]
[SourceDate "2013.11.20"]
[SourceVersion "1"]
[SourceVersionDate "2013.11.20"]
[SourceQuality "1"]

1. e4 e5 2. Nf3 Nc6 3. Bc4 Bc5 4. Nc3 Nf6 5. d3 h6 6. Be3 Nd4 7. Nxe5 0-0 8. Qd2 d6 9. Nf3 Ng4 10. Bxd4 Bxd4 11. Nxd4 Ne5 12. Bb3 c5 13. Nf3 Nxf3+ 14. gxf3 Qh4 15. 0-0-0 a6 16. Rdg1 Bh3 17. Rg3 Kh7 18. Rhg1 g6 19. f4 b5 20. f5 gxf5 21. Rg7+ Kh8 22. Bxf7 f4 23. Nd5 Ra7 24. Qc3 Rfxf7 25. Rxf7+ 1-0

[Event "Rheinland Pfalz op 3rd"]
[Site "Gau Algesheim"]
[Date "2011.08.01"]
[Round "6"]
[White "Faulhaber, Tobias"]
[Black "Minz, Michail"]
[Result "0-1"]
[WhiteElo "1865"]
[BlackElo "2107"]
[PlyCount "70"]
[EventDate "2011.07.28"]
[EventType "swiss"]
[EventRounds "7"]
[EventCountry "GER"]
[SourceTitle "EXT 2013"]
[Source "ChessBase"]
[SourceDate "2012.11.22"]
[SourceVersion "1"]
[SourceVersionDate "2012.11.22"]
[SourceQuality "1"]

1. e4 e6 2. d4 d5 3. e5 c5 4. c3 Bd7 5. Nf3 Qb6 6. Bd3 Bb5 7. Bc2 cxd4 8. cxd4 Bb4+ 9. Nc3 Nc6 10. a3 Bxc3+ 11. bxc3 Bc4 12. Rb1 Qa5 13. Rxb7 Qxc3+ 14. Bd2 Qxa3 15. Ba4 Rc8 16. Ng5 Nh6 17. Bxc6+ Rxc6 18. Rb8+ Kd7 19. Rxh8 Rb6 20. f3 Rb2 21. Bc1 Qa5+ 22. Bd2 Qa2 23. Rf8 Rb1 24. Kf2 Rxd1 25. Rxd1 Qc2 26. Ke1 Qd3 27. Rd8+ Kc6 28. Rc8+ Kb7 29. Rc7+ Kb8 30. Rxc4 Qxc4 31. Rb1+ Ka8 32. Rb4 Qc6 33. Nxh7 a5 34. Rb2 a4 35. Bb4 Qc1+ 0-1

[Event "Rheinland Pfalz op 3rd"]
[Site "Gau Algesheim"]
[Date "2011.07.29"]
[Round "3"]
[White "Bratmann, Marc"]
[Black "Faulhaber, Tobias"]
[Result "0-1"]
[WhiteElo "1476"]
[BlackElo "1865"]
[PlyCount "110"]
[EventDate "2011.07.28"]
[EventType "swiss"]
[EventRounds "7"]
[EventCountry "GER"]
[SourceTitle "EXT 2013"]
[Source "ChessBase"]
[SourceDate "2012.11.22"]
[SourceVersion "1"]
[SourceVersionDate "2012.11.22"]
[SourceQuality "1"]

1. e4 e6 2. d4 d5 3. e5 c5 4. c3 Qb6 5. Nf3 Nc6 6. a3 c4 7. Nbd2 Na5 8. Rb1 Ne7 9. b3 cxb3 10. Nxb3 Nxb3 11. Rxb3 Qc7 12. Bd3 Bd7 13. Qd2 Nc6 14. 0-0 Be7 15. Qc2 h6 16. Rb1 0-0 17. h4 f5 18. exf6 Rxf6 19. Re1 Bd6 20. c4 dxc4 21. Qxc4 Raf8 22. Be3 Be8 23. d5 exd5 24. Qxd5+ Bf7 25. Qb5 b6 26. Rec1 Be8 27. Qd5+ Qf7 28. Bc4 Na5 29. Qxf7+ Bxf7 30. Bxf7+ R6xf7 31. a4 Nb7 32. Rc6 Rc7 33. Nd4 Rff7 34. Rbc1 Rxc6 35. Nxc6 Bc5 36. Nxa7 Bxe3 37. fxe3 Nc5 38. Nb5 Nxa4 39. Rc2 Rf5 40. Nd4 Rc5 41. Kf2 Kf7 42. e4 Rxc2+ 43. Nxc2 Kf6 44. Ke3 Ke5 45. Nd4 Nc5 46. Nf3+ Kd6 47. Kd4 b5 48. e5+ Kc6 49. Kc3 Kd5 50. Kb4 Nd3+ 51. Kxb5 Nxe5 52. Nxe5 Kxe5 53. Kc5 Kf4 54. Kd4 Kg3 55. Ke4 Kxg2 0-1

[Event "Rheinland Pfalz op 3rd"]
[Site "Gau Algesheim"]
[Date "2011.07.28"]
[Round "1"]
[White "Ovsejevitsch, Sergei"]
[Black "Faulhaber, Tobias"]
[Result "1-0"]
[WhiteElo "2589"]
[BlackElo "1865"]
[PlyCount "49"]
[EventDate "2011.07.28"]
[EventType "swiss"]
[EventRounds "7"]
[EventCountry "GER"]
[SourceTitle "EXT 2013"]
[Source "ChessBase"]
[SourceDate "2012.11.22"]
[SourceVersion "1"]
[SourceVersionDate "2012.11.22"]
[SourceQuality "1"]

1. d4 Nf6 2. c4 e5 3. dxe5 Ng4 4. Bf4 Nc6 5. Nf3 Bb4+ 6. Nbd2 Qe7 7. e3 Ngxe5 8. Nxe5 Nxe5 9. Be2 d6 10. 0-0 Bxd2 11. Qxd2 b6 12. b4 Bb7 13. c5 0-0 14. cxd6 cxd6 15. Rfd1 Rfd8 16. a4 Rac8 17. a5 bxa5 18. Rxa5 Ba8 19. Ra6 Rc6 20. Ra2 Rb6 21. Bxe5 Qxe5 22. Rxa7 Rdb8 23. b5 Be4 24. Qd4 Bf5 25. Qxb6 1-0